| 000 | 01197cam a2200337 i 4500 | ||
|---|---|---|---|
| 001 | 15071311 | ||
| 003 | EG-ScBUE | ||
| 005 | 20240424100331.0 | ||
| 008 | 071105t2008 njuab f b 001 0 eng d | ||
| 020 | _a9780691134529 (alk. paper) | ||
| 020 | _a0691134529 (alk. paper) | ||
| 035 | _a(OCoLC)ocn181142088 | ||
| 035 | _a(OCoLC)181142088 | ||
| 040 |
_aDLC _beng _erda _cDLC _dDLC _dEG-ScBUE |
||
| 043 | _aa-tu--- | ||
| 082 | 0 | 4 |
_a956.015 _222 _bHAN |
| 100 | 1 |
_aHanioğlu, M. Şükrü, _eauthor. |
|
| 245 | 1 | 2 |
_aA brief history of the late Ottoman empire / _cM. Şükrü Hanioğlu. |
| 264 | 1 |
_aPrinceton : _bPrinceton University Press, _c[2008] |
|
| 264 | 4 | _cc2008 | |
| 300 |
_axii, 241 pages : _billustrations, maps ; _c25 cm |
||
| 336 |
_2rdacontent _atext _btxt |
||
| 337 |
_aunmediated _2rdamedia _bn |
||
| 338 |
_avolume _bnc _2rdacarrier |
||
| 504 | _aIncludes bibliographical references and index. | ||
| 651 | 7 |
_aTurkey _xHistory _y19th century. _2BUEsh |
|
| 651 | 7 |
_aTurkey _xHistory _yOttoman Empire, 1288-1918. _2BUEsh |
|
| 655 | _vReading book | ||
| 942 |
_2ddc _cBB |
||
| 999 |
_c11072 _d11072 |
||